| 000 | 00394nam a2200145 i 4500 | ||
|---|---|---|---|
| 001 | bg | ||
| 100 | 1 | _aCHRÓŚCICKI, Zbigniew. | |
| 245 | 1 | 0 |
_aZarządzanie przez cele w warunkach przedsiebiorstwa socjalistycznego / _cZbigniew Chróścicki. |
| 260 |
_aWarszawa, _c1978. |
||
| 040 | _cBPK | ||
| 041 | _apol | ||
| 080 | _a658.012.4:62 | ||
| 942 | _cKS | ||
| 008 | s pl f |000 0 pol | ||
| 999 |
_c7732 _d7732 |
||
| 856 |
_uhttp://koha.tu.koszalin.pl/cgi-bin/koha/opac-detail.pl?biblionumber=7732 _yKatalog online BPK |
||